| 000 | 00592nam a22001697a 4500 | ||
|---|---|---|---|
| 020 | _qHard Cover. | ||
| 082 | _a005 | ||
| 100 | _aBhatti, Faraz Ahmad. | ||
| 245 |
_aDeep Learning based Classification of Retinal Vasculature into Arteries and Veins / _cFaraz Ahmad Bhatti. |
||
| 260 |
_aIslamabad: _bSEECS - NUST, _c2018. |
||
| 300 |
_a30 p. : ill. ; _c30cm. |
||
| 650 |
_aComputer Science MS-Thesis. _916114 |
||
| 700 | _aDr. Muhammad Shahzad | ||
| 856 | _uhttp://10.250.8.41:8080/xmlui/handle/123456789/30841 | ||
| 942 |
_2ddc _cTHE |
||
| 999 |
_c532381 _d532381 |
||